000 00875nam a2200253Ia 4500
003 OSt
005 20220925230702.0
006 a|||||r|||| 00| 0
007 ta
008 220923b |||||||| |||| 00| 0 eng d
020 _a9781848132962
_c1239.8699999999999
037 _b30120, 26/08/2010, Segment Book Distrobutors
_cGeneral Book
040 _aRTL
_cRTL
_beng
041 _2eng
_aeng
082 _aY33:4582, P9
100 _aKOONINGS Kees
_9294132
245 0 _aMegacities
_b The politics of urban exclusion and violence in the global South.
260 _aLondon
_bZed Books
_c2009
300 _aviii, 200p Bibliography: P 178-94
_ccm.
650 _aSociology
700 _a KRUIJT Dirk
_9294133
942 _hY33:4582, P9
_cGB
_2CC
999 _c586337
_d586337